| 000 | 00990nam a22002777a 4500 | ||
|---|---|---|---|
| 001 | 3735 | ||
| 005 | 20250218094140.0 | ||
| 020 | _a0590483366 | ||
| 040 |
_aDLC _cDLC _dDLC _beng |
||
| 050 | 0 | 0 | _aPZ7.S7242 |
| 082 | 0 | 0 | _aFic |
| 100 | 1 | _aSoto, Gary | |
| 245 | 1 | 0 |
_aSummer on wheels / _cGary Soto _bA road trip like no other ... |
| 250 | _aFirst Scholastic paperback printing , Februrary 1999 | ||
| 260 |
_aNew York : _bScholastic, _c1995 |
||
| 300 |
_a163 pages : _c20 cm . _billustrations ; |
||
| 505 | _aS | ||
| 520 | _aHector and his best friend Mondo enjoy many exciting adventures when they take a six-day bike trip from their East Los Angeles neighborhood to the Santa Monica beach during summer vacation. | ||
| 521 |
_a750
_bLexile |
||
| 521 |
_aS
_bRaz-Plus |
||
| 650 | 1 |
_aBicycles and bicycling _xFiction |
|
| 650 | 1 |
_aMexican Americans _xFiction |
|
| 650 | 1 |
_aFriendship _xFiction |
|
| 906 |
_a7 _bcbc _corignew _d1 _eocip _f19 _gy-gencatlg |
||
| 942 |
_2ddc _cBK _n0 |
||
| 999 |
_c3735 _d3735 |
||